[Event "SR 2. liga A 2004/2005"]
[Site "?"]
[Date "2005.03.20"]
[Round "11.1"]
[White "Rohacek, Miroslav"]
[Black "Bisco, Igor"]
[Result "1-0"]
[WhiteElo "2242"]
[BlackElo "2177"]
[PlyCount "37"]
[EventDate "2004.??.??"]

1. e4 e5 2. Nf3 Nc6 3. Nc3 Nf6 4. Bb5 Nd4 5. Ba4 Bc5 6. O-O O-O 7. d3 c6 8. h3
d6 9. Nxd4 exd4 10. Ne2 d5 11. e5 Nd7 12. c3 dxc3 13. bxc3 f6 14. d4 Be7 15. f4
Nb6 16. exf6 Bxf6 17. Bc2 Re8 18. Ng3 Nc4 19. Nh5 {TIME} 1-0

[Event "SR 2. liga A 2004/2005"]
[Site "?"]
[Date "2005.03.20"]
[Round "11.2"]
[White "Gasa, Andrej"]
[Black "Mandak, Miroslav"]
[Result "1/2-1/2"]
[WhiteElo "2202"]
[BlackElo "2051"]
[PlyCount "104"]
[EventDate "2004.??.??"]

1. e4 d6 2. d4 e5 3. dxe5 dxe5 4. Qxd8+ Kxd8 5. Nc3 c6 6. Bg5+ Be7 7. O-O-O+
Kc7 8. Be3 Be6 9. f4 f6 10. Nf3 Nd7 11. a3 Bd6 12. f5 Bf7 13. Be2 b6 14. Rd2
Be7 15. Rhd1 Rd8 16. Ne1 g6 17. Bg4 g5 18. Nd3 h5 19. Be2 Nb8 20. Nb4 Rxd2 21.
Rxd2 Bxb4 22. axb4 Ne7 23. b3 Rd8 24. h4 Rxd2 25. Kxd2 g4 26. Bd3 Nc8 27. Ne2
Nd6 28. Ng3 Nd7 29. Bh6 Kd8 30. Be3 Kc7 31. Kc3 Nb5+ 32. Kb2 Nd6 33. c3 Kb7 34.
c4 c5 35. b5 Kc7 36. Kc3 Kd8 37. Bh6 Ke7 38. Nf1 Kd8 39. Ne3 Kc8 40. Bc2 Kd8
41. Kd3 Ke7 42. Bd1 Ne8 43. Bc2 Nd6 44. Kc3 Kd8 45. Bd3 Kc7 46. Nd1 Nb7 47. Nb2
Kd6 48. Na4 Be8 49. Be3 Bf7 50. b4 Be8 51. Bc2 Bf7 52. g3 Be8 1/2-1/2

[Event "SR 2. liga A 2004/2005"]
[Site "?"]
[Date "2005.03.19"]
[Round "11.2"]
[White "Horak, Ivan"]
[Black "Mikita, Jozef"]
[Result "1/2-1/2"]
[WhiteElo "2177"]
[BlackElo "2209"]
[PlyCount "112"]
[EventDate "2004.??.??"]

1. e4 e5 2. Nf3 Nc6 3. Bb5 d6 4. d4 Bd7 5. Nc3 exd4 6. Nxd4 g6 7. O-O Bg7 8.
Bxc6 bxc6 9. Re1 Ne7 10. Be3 O-O 11. Qd2 Rb8 12. Rad1 c5 13. Nde2 Bc6 14. b3 f5
15. Nf4 Qd7 16. f3 fxe4 17. fxe4 Rbe8 18. Kh1 Qg4 19. h3 Qg3 20. Nfd5 Be5 21.
Bg1 Nxd5 22. Nxd5 Rf7 23. Rf1 Ref8 24. Rxf7 Rxf7 25. c4 Bd7 26. Qe1 c6 27. Qxg3
Bxg3 28. Nc3 Kf8 29. Bh2 Bxh2 30. Kxh2 Ke7 31. Kg3 Ke6 32. Nb1 g5 33. Nd2 h6
34. Nf3 Be8 35. Kf2 Rf4 36. Re1 Bh5 37. Kg3 a5 38. Re3 Bxf3 39. gxf3 Ke5 40.
Re1 h5 41. Rd1 Rf7 42. Rd3 Rf4 43. Rd2 Rf6 44. Rd3 Rf4 45. Rd1 Rf6 46. Rd3 Rf4
47. Rd1 Rf8 48. Rd3 a4 49. h4 axb3 50. axb3 gxh4+ 51. Kxh4 Rh8 52. f4+ Kxf4 53.
Rxd6 Kxe4 54. Rxc6 Kd4 55. Rd6+ Kc3 56. Rb6 Rh7 1/2-1/2

[Event "SR 2. liga A 2004/2005"]
[Site "?"]
[Date "2005.03.20"]
[Round "11.2"]
[White "Kralovic, Andrej"]
[Black "Chovanec, Vladimir"]
[Result "0-1"]
[WhiteElo "2062"]
[BlackElo "2077"]
[PlyCount "36"]
[EventDate "2004.??.??"]
[TimeControl "240+2"]

{48MB, Fritz8.ctg, FRATRIC-A552EF0} 1. c4 e5 2. Nc3 Nf6 3. g3 c6 4. Bg2 d5 5.
cxd5 cxd5 6. Qb3 Nc6 7. Nxd5 Nd4 8. Nxf6+ Qxf6 9. Qd1 Bf5 10. d3 Rc8 11. Kf1
Qa6 12. Be3 Bc5 13. Bxd4 Bxd4 14. Qb3 Rc7 15. Bd5 O-O 16. e4 Bd7 17. Bc4 Qf6
18. f3 Bh3+ 0-1

[Event "SR 2. liga A 2004/2005"]
[Site "?"]
[Date "2005.03.20"]
[Round "11.2"]
[White "Miklas, Marian"]
[Black "Oprea, Erik"]
[Result "0-1"]
[WhiteElo "2227"]
[BlackElo "2115"]
[PlyCount "73"]
[EventDate "2004.??.??"]

1. c4 e5 2. g3 f5 3. Bg2 Nf6 4. Nc3 c6 5. d4 e4 6. d5 Bc5 7. e3 d6 8. Nge2 Ng4
9. h4 Ne5 10. Nf4 O-O 11. a3 Rf6 12. b4 Bb6 13. Qb3 c5 14. Bb2 a5 15. b5 Nbd7
16. a4 Qe7 17. Nce2 Bd8 18. O-O-O Nb6 19. Bxe5 Qxe5 20. Kb1 Rh6 21. Rd2 Bf6 22.
Ra2 Bd7 23. Qc2 Rf8 24. Ng1 g5 25. hxg5 Rxh1 26. Bxh1 Bxg5 27. Ngh3 Bf6 28. Nh5
Bh8 29. N3f4 Be8 30. Bg2 Nd7 31. g4 fxg4 32. Ng3 Qc3 33. Qxc3 Bxc3 34. Bxe4 Be5
35. Ne6 Rf6 36. Nf5 h5 37. Nf4 {
dalsi priebeh bol na oboch partiaroch totalne necitatelny} 0-1

[Event "SR 2. liga A 2004/2005"]
[Site "?"]
[Date "2005.03.20"]
[Round "11.2"]
[White "Obdrzalkova, Anita"]
[Black "Marko, Vladimir"]
[Result "0-1"]
[WhiteElo "2137"]
[BlackElo "2037"]
[PlyCount "100"]
[EventDate "2004.??.??"]

1. d4 d5 2. c4 c6 3. Nf3 Nf6 4. Nc3 Bg4 5. e3 e6 6. cxd5 exd5 7. Be2 Bd6 8. h3
Bh5 9. Qb3 Qc7 10. Bd2 Nbd7 11. Rc1 Qb6 12. Qd1 h6 13. Na4 Qc7 14. b4 a6 15.
Nc5 O-O 16. a4 Ne4 17. g4 Bg6 18. O-O Ndf6 19. Kg2 Nxd2 20. Nxd2 Bxc5 21. bxc5
Ne4 22. Nf3 f5 23. Ne5 fxg4 24. hxg4 Bh7 25. f4 Qe7 26. Rh1 Nf6 27. Qb3 Ne4 28.
Qb4 a5 29. Qe1 Rfe8 30. Bf3 Rf8 31. Rh3 Rfe8 32. Qh4 Qxh4 33. Rxh4 Nd2 34. Kg3
Nc4 35. Rc3 Re7 36. g5 Nxe5 37. fxe5 hxg5 38. Rh5 Bf5 39. Rxg5 Rf8 40. Rc1 Be4
41. Bg4 g6 42. Re1 Kg7 43. Re2 Rf1 44. e6 Kf6 45. Re5 Rg1+ 46. Kh3 Rh7+ 47. Bh5
Rxh5+ 48. Rxh5 gxh5 49. e7 Kxe7 50. Rb2 Rb1 0-1

[Event "SR 2. liga A 2004/2005"]
[Site "?"]
[Date "2005.03.20"]
[Round "11.2"]
[White "Skreno, Vladimir"]
[Black "Machalova, Maria"]
[Result "1/2-1/2"]
[WhiteElo "2180"]
[BlackElo "2137"]
[PlyCount "60"]
[EventDate "2004.??.??"]

1. d4 Nf6 2. Nf3 e6 3. c4 b6 4. g3 Bb7 5. Bg2 d6 6. O-O Nbd7 7. Nc3 Ne4 8. Nxe4
Bxe4 9. Nd2 Bxg2 10. Kxg2 Be7 11. e4 O-O 12. Qe2 c5 13. Nf3 Qc7 14. Be3 Bf6 15.
Rad1 Rfd8 16. b3 a6 17. dxc5 Nxc5 18. Bg5 Bxg5 19. Nxg5 h6 20. Nh3 Qc6 21. f3
b5 22. Nf4 bxc4 23. Qxc4 Qb5 24. Qxb5 axb5 25. Rf2 Kf8 26. Nd3 Nxd3 27. Rxd3
Ke7 28. Rd4 Rd7 29. a4 bxa4 30. bxa4 Ra5 1/2-1/2

[Event "SR 2. liga A 2004/2005"]
[Site "?"]
[Date "2005.03.20"]
[Round "11.3"]
[White "Bury, Rastislav"]
[Black "Szollos, Ondrej"]
[Result "1-0"]
[WhiteElo "2101"]
[BlackElo "2053"]
[PlyCount "99"]
[EventDate "2004.??.??"]
[TimeControl "240+2"]

{48MB, Fritz8.ctg, FRATRIC-A552EF0} 1. d4 c6 2. Nf3 d6 3. e4 Bg4 4. Be2 Qc7 5.
h3 Bxf3 6. Bxf3 e5 7. Be3 Nf6 8. O-O Be7 9. Nc3 Nbd7 10. a4 Nf8 11. g3 Ng6 12.
Bg2 O-O 13. Qe2 Rfd8 14. Rad1 a6 15. d5 Rac8 16. dxc6 Qxc6 17. f4 Nf8 18. g4
Ne6 19. g5 Nd7 20. Nd5 Bf8 21. f5 Nc7 22. Nc3 b5 23. axb5 axb5 24. Rf2 b4 25.
Nd5 Nxd5 26. Rxd5 Rb8 27. Qh5 Rb5 28. Rd3 b3 29. cxb3 Qb7 30. g6 Nf6 31. gxf7+
Kh8 32. Qh4 Qxf7 33. Bg5 Be7 34. Bxf6 Bxf6 35. Qg3 Qe7 36. Rc2 Bg5 37. Bf1 Rb6
38. Rdc3 Bf4 39. Qf2 Rbb8 40. Bc4 Ra8 41. Bf1 Qf6 42. b4 Rg8 43. Bc4 Ra1+ 44.
Kg2 Qg5+ 45. Kf3 Rg1 46. Ke2 Rg2 47. Bxg8 Rxf2+ 48. Kxf2 Kxg8 49. Rc8+ Kf7 50.
R2c7+ 1-0

[Event "SR 2. liga A 2004/2005"]
[Site "?"]
[Date "2005.03.20"]
[Round "11.3"]
[White "Eged, Igor"]
[Black "Minich, Peter"]
[Result "0-1"]
[WhiteElo "2107"]
[BlackElo "2210"]
[PlyCount "106"]
[EventDate "2004.??.??"]

1. d4 e6 2. g3 d5 3. Bg2 c5 4. e3 Nc6 5. Ne2 Nf6 6. O-O Be7 7. Nd2 O-O 8. Nf3
b6 9. b3 Ba6 10. Re1 Rc8 11. Bb2 Ne4 12. Nd2 Nd6 13. dxc5 bxc5 14. Nc3 Bf6 15.
Na4 Ne5 16. Nf3 Nxf3+ 17. Qxf3 Bxb2 18. Nxb2 Ne4 19. Qf4 Nc3 20. Bf1 Bxf1 21.
Kxf1 Qb6 22. Nd3 f6 23. Qg4 e5 24. h4 f5 25. Qh3 Qf6 26. f4 e4 27. Ne5 Rcd8 28.
Qg2 h5 29. Qd2 d4 30. Kg2 Nd5 31. exd4 cxd4 32. Kh2 Qb6 33. Qe2 g6 34. Qc4 Kh7
35. Re2 Ne3 36. Qa4 Qc7 37. Nc6 Ng4+ 38. Kh3 d3 39. cxd3 Rxd3 40. Qxa7 Qxa7 41.
Nxa7 Ra8 42. Nc6 Rxb3 43. Rd1 Rb7 44. Rdd2 Rc8 45. Na5 Rb1 46. Nb3 Rc3 47. Kg2
Kh6 48. Rb2 Ne3+ 49. Kh2 Nf1+ 50. Kg2 Rxg3+ 51. Kf2 e3+ 52. Rxe3 Rxb2+ 53. Kxf1
Rxe3 0-1

[Event "SR 2. liga A 2004/2005"]
[Site "?"]
[Date "2005.03.19"]
[Round "11.3"]
[White "Krajnak, Robert"]
[Black "Provaznik, Michal"]
[Result "1/2-1/2"]
[WhiteElo "2177"]
[BlackElo "2117"]
[PlyCount "78"]
[EventDate "2004.??.??"]

1. c4 e5 2. Nc3 Bb4 3. Nd5 Be7 4. Nf3 e4 5. Nd4 d6 6. d3 c6 7. Nxe7 Qxe7 8. e3
Nf6 9. Qc2 O-O 10. dxe4 Nxe4 11. Bd3 d5 12. cxd5 cxd5 13. O-O Na6 14. Bxa6 bxa6
15. Qc6 Qb7 16. b3 Rb8 17. Ba3 Rd8 18. Rfc1 Bd7 19. Qxb7 Rxb7 20. Nc6 Bxc6 21.
Rxc6 h6 22. Rac1 d4 23. Rc8 Rbd7 24. exd4 Rxd4 25. f3 Ng5 26. Rxd8+ Rxd8 27.
Rc2 Ne6 28. Kf2 Rd5 29. Bc1 Nd4 30. Rd2 Rc5 31. Ba3 Ra5 32. Rxd4 Rxa3 33. Rd2
a5 34. Kg3 a4 35. b4 Rc3 36. b5 a3 37. Rd4 Rc2 38. Ra4 Rxa2 39. Rxa7 Rb2
1/2-1/2

[Event "SR 2. liga A 2004/2005"]
[Site "?"]
[Date "2005.03.20"]
[Round "11.3"]
[White "Machalova, Veronika"]
[Black "Cvicela, Anton"]
[Result "1/2-1/2"]
[WhiteElo "2179"]
[BlackElo "2185"]
[PlyCount "91"]
[EventDate "2004.??.??"]

1. e4 c5 2. Nf3 Nf6 3. Nc3 Nc6 4. d4 d5 5. exd5 Nxd5 6. Nxd5 Qxd5 7. Be3 cxd4
8. Nxd4 Qa5+ 9. c3 Nxd4 10. Qxd4 e5 11. Qd2 Bd7 12. Bc4 Bc6 13. O-O Be7 14.
Rfe1 O-O 15. Bg5 Rad8 16. Qe3 Bxg5 17. Qxg5 Rfe8 18. Re3 Qc7 19. Bb3 Rd6 20.
Bc2 f6 21. Qh4 g6 22. Rg3 Qg7 23. Qc4+ Qf7 24. Qe2 Red8 25. Qg4 f5 26. Qg5 Be4
27. Bb3 Bd5 28. Bxd5 Rxd5 29. h4 Kg7 30. h5 Qf6 31. Qxf6+ Kxf6 32. hxg6 hxg6
33. Re1 f4 34. Rh3 Rd2 35. b3 R8d7 36. g3 Rxa2 37. gxf4 exf4 38. Rh8 Rb2 39.
Rf8+ Rf7 40. Rxf7+ Kxf7 41. b4 Rc2 42. Ra1 Rxc3 43. Rxa7 Rc7 44. Kg2 Kf6 45.
Ra5 g5 46. Kf3 1/2-1/2

[Event "SR 2. liga A 2004/2005"]
[Site "?"]
[Date "2005.03.20"]
[Round "11.3"]
[White "Povysil, Peter"]
[Black "Seitler, Andrej"]
[Result "0-1"]
[WhiteElo "2068"]
[BlackElo "2201"]
[PlyCount "60"]
[EventDate "2004.??.??"]

1. d4 Nf6 2. Nf3 e6 3. Bf4 b6 4. e3 Bb7 5. Bd3 Ne4 6. Bxe4 Bxe4 7. Nbd2 Bb7 8.
O-O Be7 9. Re1 O-O 10. e4 c5 11. dxc5 Bxc5 12. Nb3 Be7 13. Qe2 f5 14. exf5 Rxf5
15. Bg3 Bxf3 16. gxf3 Nc6 17. Rad1 Bf6 18. c3 h5 19. h4 Be5 20. Nd4 Bxd4 21.
cxd4 Qf6 22. Qc4 Rd5 23. Re4 Qxf3 24. Rde1 b5 25. Qf1 Rxd4 26. R4e3 Qf5 27. Qg2
Rf8 28. Rxe6 dxe6 29. Qxc6 Qd5 30. Rxe6 Rd1+ 0-1

[Event "SR 2. liga A 2004/2005"]
[Site "?"]
[Date "2005.03.20"]
[Round "11.3"]
[White "Tokos, Jozef"]
[Black "Bebiak, Jozef"]
[Result "0-1"]
[WhiteElo "2039"]
[BlackElo "2122"]
[PlyCount "66"]
[EventDate "2004.??.??"]

1. c4 e5 2. Nc3 Nf6 3. g3 c6 4. Bg2 d5 5. d4 e4 6. Qb3 Na6 7. Nh3 dxc4 8. Qxc4
Be6 9. Qa4 Bb4 10. a3 Ba5 11. O-O O-O 12. Bg5 b5 13. Qd1 Bxc3 14. bxc3 Nc7 15.
Qc2 Bf5 16. Nf4 Ncd5 17. Nh5 Re8 18. Nxf6+ gxf6 19. Bh6 Bg6 20. e3 Nb6 21. h4
Qd5 22. g4 Re6 23. h5 Bxh5 24. gxh5 Qxh5 25. Bf4 f5 26. f3 Nd5 27. fxe4 Nxf4
28. Rxf4 Rh6 29. exf5 Kh8 30. Kf1 Rg8 31. Ra2 Rg3 32. Qe2 Qg5 33. Rf3 Rh1+ 0-1

[Event "SR 2. liga A 2004/2005"]
[Site "?"]
[Date "2005.03.20"]
[Round "11.4"]
[White "Arendas, Marek"]
[Black "Pacher, Milan"]
[Result "0-1"]
[WhiteElo "2127"]
[BlackElo "2063"]
[PlyCount "76"]
[EventDate "2004.??.??"]

1. e4 c6 2. d4 d5 3. Nc3 dxe4 4. Nxe4 Bf5 5. Ng3 Bg6 6. c3 Nd7 7. Be2 Ngf6 8.
Nf3 Qc7 9. a4 e6 10. O-O Bd6 11. a5 O-O 12. Bd3 c5 13. Bxg6 hxg6 14. Bg5 c4 15.
Bxf6 Nxf6 16. Nd2 b5 17. axb6 axb6 18. b3 Rxa1 19. Qxa1 cxb3 20. Nxb3 b5 21.
Nc1 Rc8 22. Nce2 Nd5 23. Rc1 Qc4 24. Qb2 Ra8 25. Rc2 Ra3 26. Qb1 Qa4 27. Rc1
Ra2 28. Qd3 Qa3 29. Rd1 Bxg3 30. hxg3 b4 31. c4 Nc3 32. Nxc3 bxc3 33. Kh2 Rxf2
34. Rb1 Qa2 35. Rb8+ Kh7 36. Qe4 Rxg2+ 37. Kh3 Rh2+ 38. Kg4 f5+ 0-1

[Event "SR 2. liga A 2004/2005"]
[Site "?"]
[Date "2005.03.19"]
[Round "11.4"]
[White "Kovarik, Oto"]
[Black "Hartl, Jan"]
[Result "1-0"]
[WhiteElo "2158"]
[BlackElo "2117"]
[PlyCount "78"]
[EventDate "2004.??.??"]

1. e4 e5 2. Nf3 Nc6 3. Bb5 Nf6 4. O-O Be7 5. Re1 d6 6. d4 exd4 7. Nxd4 Bd7 8.
Nxc6 bxc6 9. Ba4 O-O 10. c4 Rb8 11. Nc3 h6 12. Bc2 Be6 13. Qe2 Nd7 14. f4 Nb6
15. b3 Bf6 16. Bd2 Re8 17. Rad1 Nd7 18. Qf3 Nf8 19. Ne2 Bd7 20. h3 Qe7 21. Ng3
c5 22. Bc3 Ng6 23. Nh5 Bxc3 24. Qxc3 Qf8 25. e5 Rb6 26. Qg3 Bc8 27. f5 Nxe5 28.
Nf6+ Kh8 29. Nxe8 Qxe8 30. f6 g6 31. Qf4 Kh7 32. Re3 Rb8 33. h4 h5 34. Rde1 Bg4
35. Rxe5 dxe5 36. Rxe5 Qc6 37. Bxg6+ fxg6 38. Re7+ Kg8 39. Rg7+ Kf8 1-0

[Event "SR 2. liga A 2004/2005"]
[Site "?"]
[Date "2005.03.20"]
[Round "11.4"]
[White "Kruppa, Dominik"]
[Black "Faltan, Peter"]
[Result "1/2-1/2"]
[WhiteElo "2029"]
[BlackElo "2109"]
[PlyCount "86"]
[EventDate "2004.??.??"]

1. e4 e5 2. Nf3 Nc6 3. Bb5 a6 4. Ba4 Nf6 5. O-O b5 6. Bb3 Nxe4 7. d4 d5 8. dxe5
Be6 9. Nbd2 Nc5 10. c3 d4 11. Bc2 dxc3 12. bxc3 Be7 13. Nb3 Qxd1 14. Rxd1 Rd8
15. Nbd4 Bd5 16. Nxc6 Bxc6 17. Rxd8+ Bxd8 18. Be3 Be7 19. Nd4 Be4 20. Bxe4 Nxe4
21. c4 Bc5 22. cxb5 Bxd4 23. Bxd4 axb5 24. Rb1 c6 25. a4 Ke7 26. axb5 cxb5 27.
Rxb5 Rd8 28. Rb4 Nc3 29. Kf1 Nd5 30. Rb7+ Ke6 31. g3 h5 32. Bb2 Rc8 33. Kg2 Rc2
34. Kf3 Rc8 35. h3 Rc4 36. g4 hxg4+ 37. hxg4 g6 38. Kg3 Rc2 39. Kf3 Rc4 40. Kg3
Rc2 41. f3 Rc4 42. Kh4 Rf4 43. Rb3 Rb4 1/2-1/2

[Event "SR 2. liga A 2004/2005"]
[Site "?"]
[Date "2005.03.20"]
[Round "11.4"]
[White "Lahucky, Pavol"]
[Black "Sarmir, Milos"]
[Result "1/2-1/2"]
[WhiteElo "2089"]
[BlackElo "2163"]
[PlyCount "131"]
[EventDate "2004.??.??"]

1. c4 Nf6 2. Nc3 d5 3. cxd5 Nxd5 4. d4 e6 5. Nf3 c5 6. e3 cxd4 7. Bb5+ Bd7 8.
Bxd7+ Qxd7 9. exd4 Nc6 10. O-O Be7 11. Qb3 Na5 12. Qd1 Rc8 13. Nxd5 Qxd5 14.
Qa4+ Nc6 15. Be3 O-O 16. Rfc1 a6 17. a3 Na5 18. Nd2 Bf6 19. b4 Nc4 20. Nxc4
Rxc4 21. Rxc4 Qxc4 22. Rc1 Qd5 23. Rc5 Qd6 24. b5 axb5 25. Rxb5 Qc6 26. Rb4
Qxa4 27. Rxa4 Rd8 28. g3 b5 29. Ra5 Rd5 30. Ra8+ Bd8 31. Kf1 Kf8 32. Ke2 Ke7
33. Kd3 Bb6 34. f4 f6 35. Ke4 Kf7 36. Rb8 Bd8 37. Rb7+ Be7 38. Bd2 f5+ 39. Ke3
Kf6 40. Bb4 Bxb4 41. axb4 h6 42. h4 Kg6 43. Rb6 Kf6 44. h5 Kf7 45. Rc6 Rd7 46.
Rc5 Rd5 47. Rc7+ Kf6 48. Rb7 g6 49. Rh7 gxh5 50. Rxh6+ Ke7 51. Rxh5 Rd8 52. g4
fxg4 53. Rxb5 Ra8 54. Rg5 Ra4 55. b5 Rb4 56. Kd3 Kd6 57. Kc3 Rb1 58. Kc4 Rc1+
59. Kb4 Rb1+ 60. Ka5 Ra1+ 61. Kb6 Rg1 62. Ka7 g3 63. f5 exf5 64. Rxf5 Rb1 65.
Rg5 g2 66. Rxg2 1/2-1/2

[Event "SR 2. liga A 2004/2005"]
[Site "?"]
[Date "2005.03.20"]
[Round "11.4"]
[White "Petenyi, Tamas"]
[Black "Cseto, Jan"]
[Result "1-0"]
[WhiteElo "2037"]
[BlackElo "2032"]
[PlyCount "49"]
[EventDate "2004.??.??"]

1. e4 e5 2. Nf3 Nc6 3. Bb5 a6 4. Ba4 Nf6 5. O-O b5 6. Bb3 d6 7. d3 Na5 8. Nbd2
Be7 9. c3 Nxb3 10. axb3 c5 11. Re1 O-O 12. Nf1 Ne8 13. Ne3 Nc7 14. d4 cxd4 15.
cxd4 exd4 16. Nxd4 Bb7 17. Nef5 Bf6 18. Bf4 d5 19. e5 Be7 20. Qg4 g6 21. Nxe7+
Qxe7 22. Bg5 Qb4 23. Bf6 h5 24. Qg5 Kh7 25. Nf5 1-0

[Event "SR 2. liga A 2004/2005"]
[Site "?"]
[Date "2005.03.20"]
[Round "11.4"]
[White "Syrovy, Ivan"]
[Black "Lauf, Pavol"]
[Result "1/2-1/2"]
[WhiteElo "2069"]
[BlackElo "2120"]
[PlyCount "171"]
[EventDate "2004.??.??"]
[TimeControl "240+2"]

{48MB, Fritz8.ctg, FRATRIC-A552EF0} 1. e4 g6 2. d4 Bg7 3. f4 d6 4. Nf3 Nf6 5.
Bd3 c5 6. dxc5 Qa5+ 7. c3 Qxc5 8. Qe2 Nc6 9. Be3 Qa5 10. Nbd2 Bg4 11. O-O O-O
12. Qf2 Qc7 13. Qh4 Qd7 14. h3 Bxf3 15. Nxf3 d5 16. e5 Ne4 17. Rad1 Qc7 18.
Bxe4 dxe4 19. Ng5 h6 20. Nxe4 Rad8 21. Qf2 b6 22. Qe2 Rxd1 23. Rxd1 Rd8 24. Kf2
Rxd1 25. Qxd1 Nd8 26. Qd5 Ne6 27. c4 g5 28. f5 Nf4 29. Bxf4 gxf4 30. f6 exf6
31. exf6 Bf8 32. a3 Bc5+ 33. Nxc5 bxc5 34. Qa8+ Kh7 35. Qf8 Kg6 36. Qg7+ Kf5
37. Qxh6 Qb7 38. Qh5+ Kxf6 39. Qxc5 Qxb2+ 40. Kf3 Qd2 41. h4 Kg7 42. Qe5+ Kg8
43. Qxf4 Qd3+ 44. Kg4 Qxa3 45. Qg5+ Kh7 46. Qf4 Kg8 47. Kh5 Qd3 48. Qg5+ Kf8
49. c5 a5 50. c6 Qh7+ 51. Kg4 Qe4+ 52. Kh3 Qe6+ 53. Kh2 Qd6+ 54. Qg3 Qxc6 55.
Qa3+ Kg8 56. Qxa5 Qe4 57. Qd8+ Kg7 58. Qg5+ Kh7 59. Qf6 Qd5 60. Qf4 Qb3 61. Qf3
Qa2 62. Kh3 Kg7 63. g4 Qe6 64. h5 Qe5 65. Qg3 Qg5 66. Qf2 Qe5 67. Qd2 Kh7 68.
Kh4 Qe7+ 69. g5 Qe4+ 70. Kg3 Qe5+ 71. Qf4 Qe1+ 72. Kg4 Qe2+ 73. Qf3 Qc4+ 74.
Kh3 Qe6+ 75. Kh4 Qc4+ 76. Qg4 Qc5 77. Qf4 Qd5 78. h6 Qh1+ 79. Kg4 Qg2+ 80. Kf5
Qd5+ 81. Kg4 Qg2+ 82. Qg3 Qe4+ 83. Kh3 Qh1+ 84. Qh2 Qf3+ 85. Kh4 Qe4+ 86. Kh5
1/2-1/2

[Event "SR 2. liga A 2004/2005"]
[Site "?"]
[Date "2005.03.20"]
[Round "11.5"]
[White "Bednar, Jan"]
[Black "Bednar, Miroslav"]
[Result "1-0"]
[WhiteElo "2103"]
[BlackElo "2066"]
[PlyCount "43"]
[EventDate "2004.??.??"]
[TimeControl "240+2"]

{48MB, Fritz8.ctg, FRATRIC-A552EF0} 1. e4 e5 2. Nf3 d6 3. d4 Nf6 4. Nc3 Nbd7 5.
Bc4 Be7 6. O-O O-O 7. Bg5 c6 8. Qe2 Qc7 9. Rad1 b6 10. Nh4 exd4 11. Nf5 Nc5 12.
Nxd4 a5 13. Rfe1 b5 14. Bd3 b4 15. Nb1 Nxd3 16. Qxd3 d5 17. e5 Ne4 18. Bxe7
Qxe7 19. Nxc6 Qc7 20. Qxd5 Nxf2 21. Qc5 Re8 22. Ne7+ 1-0

[Event "SR 2. liga A 2004/2005"]
[Site "?"]
[Date "2005.03.20"]
[Round "11.5"]
[White "Cambel, Vladimir"]
[Black "Lukac, Roman"]
[Result "1/2-1/2"]
[WhiteElo "2039"]
[BlackElo "2133"]
[PlyCount "135"]
[EventDate "2004.??.??"]

1. Nf3 c5 2. c4 Nf6 3. Nc3 d5 4. cxd5 Nxd5 5. g3 Nc6 6. Qb3 Nb6 7. Bg2 e5 8.
O-O Be7 9. d3 O-O 10. Ne4 Be6 11. Qd1 f6 12. b3 Nd5 13. Ba3 b6 14. Rc1 Rc8 15.
Qd2 Qd7 16. Rfd1 Rfd8 17. Bb2 h6 18. Nc3 Bf8 19. h4 Qf7 20. Kh2 g6 21. Rh1 Bg7
22. Nxd5 Bxd5 23. Bc3 f5 24. Qb2 Nd4 25. Ne1 Bxg2 26. Nxg2 Qe6 27. Qd2 Rd7 28.
Bxd4 Rxd4 29. Rc4 Qd6 30. Rhc1 Rd8 31. Qe3 g5 32. hxg5 f4 33. Rxd4 cxd4 34. Qe4
hxg5 35. Rc6 Qd5 36. Qxd5+ Rxd5 37. Rg6 Rc5 38. Rxg5 fxg3+ 39. Kxg3 Rc2 40. Nh4
Kf7 41. Kf3 Rxa2 42. e3 Bf6 43. Rh5 Rd2 44. Ke4 Rxf2 45. Nf3 Kg6 46. Rf5 dxe3
47. Nxe5+ Bxe5 48. Rxe5 e2 49. Kd4 Kf6 50. Re8 Kg5 51. Kc3 Kf4 52. d4 Rf3+ 53.
Kd2 Rxb3 54. Kxe2 a5 55. Kd2 a4 56. Kc2 Rb5 57. Ra8 Rb4 58. Kc3 Rb3+ 59. Kc2 b5
60. Re8 Rh3 61. d5 a3 62. d6 a2 63. Kb2 Rh2+ 64. Ka1 b4 65. Rb8 Rd2 66. Rxb4+
Ke5 67. Rb2 Rxb2 68. Kxb2 1/2-1/2

[Event "SR 2. liga A 2004/2005"]
[Site "?"]
[Date "2005.03.20"]
[Round "11.5"]
[White "Hricak, Vasil"]
[Black "Farkas, Gabor"]
[Result "1-0"]
[WhiteElo "2013"]
[BlackElo "2072"]
[PlyCount "53"]
[EventDate "2004.??.??"]

1. e4 c5 2. Nf3 Nc6 3. d4 cxd4 4. Nxd4 Nf6 5. Nc3 e5 6. Ndb5 d6 7. Bg5 a6 8.
Na3 b5 9. Nd5 Be7 10. Bxf6 Bxf6 11. c4 b4 12. Nc2 a5 13. Be2 Bg5 14. Bg4 O-O
15. Bxc8 Rxc8 16. h4 Bh6 17. Qg4 Ne7 18. Nxe7+ Qxe7 19. b3 f5 20. exf5 d5 21.
O-O Qc5 22. Ne3 Bxe3 23. fxe3 dxc4 24. f6 Qxe3+ 25. Kh1 Qa7 26. f7+ Kh8 27.
Qxc8 1-0

[Event "SR 2. liga A 2004/2005"]
[Site "?"]
[Date "2005.03.20"]
[Round "11.5"]
[White "Nepras, Martin"]
[Black "Karlik, Lubomir"]
[Result "0-1"]
[WhiteElo "1973"]
[BlackElo "1902"]
[PlyCount "84"]
[EventDate "2004.??.??"]

1. e4 c5 2. Nf3 Nc6 3. d4 cxd4 4. Nxd4 g6 5. Be3 Bg7 6. Nc3 Nf6 7. Bc4 Qa5 8.
f3 Qb4 9. Bb3 Nxe4 10. Nxc6 Bxc3+ 11. bxc3 Qxc3+ 12. Ke2 dxc6 13. Bd4 e5 14.
Bxc3 Nxc3+ 15. Kf2 Nxd1+ 16. Raxd1 O-O 17. Rhe1 Re8 18. f4 e4 19. Rd4 Bf5 20.
g4 Bxg4 21. Rdxe4 Rxe4 22. Rxe4 Kf8 23. a4 Re8 24. Rxe8+ Kxe8 25. Kg3 Bf5 26.
c3 Ke7 27. Kf3 Be6 28. Bc2 Kd6 29. Be4 Bd5 30. Ke3 Bxe4 31. Kxe4 f5+ 32. Kd4 a5
33. Kc4 b6 34. Kd4 b5 35. axb5 cxb5 36. c4 b4 37. c5+ Kc6 38. Kc4 h6 39. h4 h5
40. Kd4 a4 41. Kc4 a3 42. Kb3 Kxc5 0-1

[Event "SR 2. liga A 2004/2005"]
[Site "?"]
[Date "2005.03.19"]
[Round "11.5"]
[White "Novak, Stanislav"]
[Black "Kubis, Ivan"]
[Result "0-1"]
[WhiteElo "2055"]
[BlackElo "2064"]
[PlyCount "122"]
[EventDate "2004.??.??"]

1. e4 e5 2. Nf3 Nc6 3. Bb5 a6 4. Ba4 Nf6 5. d3 d6 6. c3 g6 7. Nbd2 Bg7 8. h3
O-O 9. O-O b5 10. Bb3 Bb7 11. Re1 Na5 12. Bc2 c5 13. Nf1 Qc7 14. Ng3 Rfe8 15.
Nh2 d5 16. Qf3 dxe4 17. dxe4 Nc4 18. b3 Nb6 19. Bg5 Re6 20. Rad1 h6 21. Bc1 Rd8
22. Nhf1 Red6 23. Rxd6 Rxd6 24. Rd1 c4 25. Rxd6 Qxd6 26. Ne3 cxb3 27. axb3 Qc5
28. Nd1 Qd6 29. b4 Nc4 30. Qd3 Ne8 31. Ne3 Nxe3 32. Bxe3 Bf8 33. f3 Bc8 34. Nf1
Be6 35. Nd2 h5 36. Kf2 Be7 37. Ke2 Qc7 38. Bb3 Ng7 39. Bd5 Bxd5 40. Qxd5 Qxc3
41. Bc5 Bxc5 42. bxc5 Ne6 43. Qa8+ Kg7 44. Qxa6 Qxc5 45. Qa2 Nf4+ 46. Kd1 Nxg2
47. Qb3 Nf4 48. h4 Ng2 49. Qb2 Nxh4 50. f4 Qd4 51. Qxd4 exd4 52. Kc2 Ng2 53. f5
Nf4 54. Nf3 d3+ 55. Kd2 gxf5 56. exf5 Kf6 57. Ke3 Kxf5 58. Nd4+ Kg4 59. Nxb5 h4
60. Kf2 h3 61. Kg1 d2 0-1

[Event "SR 2. liga A 2004/2005"]
[Site "?"]
[Date "2005.03.20"]
[Round "11.5"]
[White "Rohackova, Veronika"]
[Black "Gajarsky, Roman"]
[Result "1-0"]
[WhiteElo "2056"]
[BlackElo "2025"]
[PlyCount "69"]
[EventDate "2004.??.??"]

1. e4 e5 2. Nf3 Nf6 3. Nxe5 d6 4. Nf3 Nxe4 5. d4 d5 6. Bd3 Bb4+ 7. c3 Bd6 8.
O-O O-O 9. c4 c6 10. Qc2 Re8 11. Nc3 Bg4 12. cxd5 Bxf3 13. Bxe4 Qh4 14. g3 Bxe4
15. Re1 Qd8 16. Nxe4 cxd5 17. Bg5 Be7 18. Nd6 Qxd6 19. Rxe7 Nc6 20. Rxb7 Nxd4
21. Qd3 Qe5 22. Be3 Ne6 23. Bxa7 Red8 24. Rc1 g6 25. a4 d4 26. a5 h5 27. h4 Rd5
28. b4 Qg7 29. Qf3 Rf5 30. Qe4 Re5 31. Qg2 Re8 32. Bb8 Re2 33. a6 Qf6 34. a7
Ra2 35. Rd7 1-0

[Event "SR 2. liga A 2004/2005"]
[Site "?"]
[Date "2005.03.20"]
[Round "11.6"]
[White "Ac, Alexander"]
[Black "Stefan, Oldrich"]
[Result "1-0"]
[WhiteElo "2088"]
[BlackElo "2085"]
[PlyCount "65"]
[EventDate "2004.??.??"]
[TimeControl "240+2"]

{48MB, Fritz8.ctg, FRATRIC-A552EF0} 1. e4 c5 2. Nf3 Nc6 3. d4 cxd4 4. Nxd4 Nf6
5. Nc3 d6 6. Be2 e5 7. Nb3 Be7 8. O-O O-O 9. Kh1 a5 10. a4 Nb4 11. f4 Be6 12.
f5 Bxb3 13. cxb3 d5 14. exd5 Nfxd5 15. Bf3 Nxc3 16. bxc3 Nc6 17. Bd5 Bf6 18.
Qf3 Rc8 19. Ba3 Re8 20. Rad1 Qb6 21. Qh5 Nd8 22. Bc4 Rc7 23. g4 Be7 24. Bc1
Rxc4 25. bxc4 Qc6+ 26. Rd5 Qxc4 27. Rfd1 Qxc3 28. g5 g6 29. fxg6 fxg6 30. Qg4
Qc6 31. Qd7 Bf8 32. Rf1 Bc5 33. Qxc6 1-0